| 000 | 00422nam a22001577a 4500 | ||
|---|---|---|---|
| 003 | MPLRDC | ||
| 005 | 20220104174923.0 | ||
| 008 | 210129b ||||| |||| 00| 0 eng d | ||
| 082 | _a524.9563 CHAI-4 v.1 1976-1981 | ||
| 100 | _aLIM CHING CHAI | ||
| 245 |
_aSTPM FIZIK (MEKANIK, FIZIK TERMA DAN OPTIK) _c |
||
| 260 |
_a _bPELANGI EDUCATIONAL _c |
||
| 300 | _b平 | ||
| 650 | _a | ||
| 942 |
_cBK _o524.9563 CHAI-4 v.1 1976-1981 |
||
| 999 |
_c60100 _d60090 |
||